000 00546 a2200121 4500
082 _a707.956.9
_bAB135s
110 _aThe Lebanese Association for Plastic Arts, Ashkal Alwan
_9731
245 _aSignatures: Fadi El Abdallah
260 _aBeirut, Lebanon
_bThe Lebanese Association for Plastic Arts, Ashkal Alwan
_c2010
300 _aindefinido
_c21 cm
650 _xexhibicion-arte
_xinvestigacion-arte
_xpracticas culturales
_xhome works 6: a forum on cultural practices
_zlibano
_9732
710 _aThe Lebanese Association for Plastic Arts, Ashkal Alwan
_9733
999 _c151
_d151